Prevención de la delincuencia juvenil : (Registro nro. 2730)

000 -CABECERA (24)
Campo de control interno 01284nmm a22002414a 4500
003 - IDENTIFICADOR DE CONTROL
Campo control BOLpUSFA
005 - FECHA Y HORA DE CATALOGACION
Campo de control 20201007180010.0
008 - ELEMENTOS DE LONGITUD FIJA - INFORMACIÓN GENERAL
Campo de control de longitud fija t cl gq d 000 f spa d
020 ## - INTERNATIONAL STANDARD BOOK NUMBER
ISBN 9567808309
041 ## - Código de idioma (R)
Código de lengua del texto/banda sonora o título independiente (R) spa
044 ## - Código de país de la publicación
Codigo ISO de pais CL
100 ## - Autor Personal
Autor Personal Vanderschueren, Franz
245 ## - Titulo
Titulo Prevención de la delincuencia juvenil :
Subtitulo análisis de experiencias internacionales.
Medio [recurso electrónico]
260 ## - Editorial
Ciudad Santiago de Chile:
Nombre de la Editorial Universidad Jesuita Alberto Hurtado,
Fecha 2004.
300 ## - Descripcion
Extension 152 p.
520 ## - Resumen
Resumen Este libro abarca los tres temas sobre prevención a la criminalidad que concierne a los jóvenes. El primer tema constituye un panorama general de las diversas interpretaciones de la causalidad de los comportamientos antisociales o delictuales de los jóvenes y presenta los principales enfoques y prácticas de prevención desarrollados en varias regiones. El segundo se refiere al problema específico de la violencia al interior de las escuelas; y el tercero, focaliza el problema de las pandillas.
650 ## - Temas - Descriptores
Temas - Descriptores Adolescencia
650 ## - Temas - Descriptores
Temas - Descriptores Comportamiento antisocial
650 ## - Temas - Descriptores
Temas - Descriptores Violencia
700 ## - Autor Personal
Autor Personal Lunecke, Alejandra
856 ## - URL - Ubicacion
URI/URL <a href="http://biblioteca.usfa.edu.bo/cgi-bin/koha/opac-retrieve-file.pl?id=860f045ec202e4b418d694a78c59ea9e">http://biblioteca.usfa.edu.bo/cgi-bin/koha/opac-retrieve-file.pl?id=860f045ec202e4b418d694a78c59ea9e</a>
942 ## - ELEMENTOS DE KOHA
Esquema de Clasificaci
Tipo de Documento Documentos Electrónicos
Catalogador LR; SML

No hay ítems disponibles.


Universidad Privada San Francisco de Asis (USFA)
Sopocachi, av. 20 de octubre esq. Belisario Salinas No.397 (Plaza Abaroa)
Telf.fax (+591-2) 2443773
info@usfa.edu.bo